00624 2200181 4500245004800000020002200048250001200070100001600082700001500098650002200113005001900135260004100154041001400195084001100209300002700220500018600247336000900433 aIs It Bad or Good HabitscSabrina ArahText a978-623-97672-3-5 aCet. 16 aSabrina Ara aEsti Utami aPengembangan Diri a20241010080843 aSemarangbSyalmahat Publishingc2024 aIndonesia a155.25 avi, 134 hlm. :c20 cm. aBuku ini membahas tentang bagaimana proses berpikir manusia, bagaimana proses mengenali diri, melangkah dari kebiasaan kecil hingga pada kebiasaan-kebiasaan yang membawa kesuksesan. atext